Responses for Show #7037 - Tuesday, March 31, 2015

Michael Bilow game 3.

Contestants

[<< previous game]

Julio Trujillo, a substitute teacher from Denver, Colorado

Erica Rosengart, an advertising executive originally from New York, New York

Michael Bilow, a Ph.D. student in computer science originally from Chicago, Illinois (whose 2-day cash winnings total $38,802)

[next game >>]

Jeopardy! Round responses

THE FAULT IN OUR STATES
FOOD & DRINK
BETTER KNOWN BY ONE NAME
TV VIOLENCE
CAUTION, DECONSTRUCTION UNDERWAY
(Alex: We will give you a one-word clue; you give us the two words that were used to make up that one word.)
INSTRUMENTAL IN SCIENCE
(Sarah: Stories behind the cutting-edge technology of centuries ago, from the collection of historical scientific instruments at Harvard.)
    $200 6
California

Erica
    $200 7
root beer

Erica
    $200 16
Pocahontas

Julio
    $200 1
Supernatural

Julio
    $200 22
motor & hotel

Michael
    $200 21
Galileo

Erica
    $400 12
Alaska

Michael
    $400 8
mozzarella

Julio
    $400 17
Titian

Julio
    $400 2
CSI

Julio
    $400 23
(Alex: Less than a minute to go now.)

Uranus

Michael
    $1,200 13
Wyoming

Michael
    $600 9
KFC (Kentucky Fried Chicken)

Erica
    $600 18
Liberace

Julio
    $600 3
Dennis Franz

Julio
    $800 14
Oregon

Julio
    $800 10
tequila

Michael
    $800 19
Molière

Michael
    $800 4
Sons of Anarchy

Julio
    $800 26
digital & literati

Michael
    $800 27
(Michael: What are alpha particles?)
[The end-of-round signal sounds.]

protons

MichaelJulio
    $1000 15
Utah

Julio
    $1000 11
(Julio: What is wormwood?)

tarragon

Julio
Triple Stumper
    $1000 20
Suharto

Michael
    $1000 5
(Erica: What is The Rockford Files?)
...
(Alex: The series was [*]. Rockford Files was James Garner.)

Mannix

Erica
Triple Stumper
    $1000 25
transfer & resistor

Triple Stumper
    $1000 24
Benjamin Franklin

Michael

Scores at the first commercial break (after clue 15):

Michael Erica Julio
$2,400 $0 $3,200

Scores at the end of the Jeopardy! Round:

Michael Erica Julio
$5,800 $200 $5,200

Double Jeopardy! Round responses

NAPOLEON
AFRICAN-AMERICAN AUTHORS
GO TO HILL
_O_O
(Alex: Each correct response will be four letters. The second and fourth letters will be "O".)
A JOB WITH NO COMMUTE
WE'RE ALL JEALOUS
    $400 11
Ralph Ellison

Michael
    $400 6
Bozo

Michael
    $400 25
(Alex: Yes, with less than a minute to go now.)

farmer

Erica
    $400 1
"You Oughta Know"

Erica
    $800 28
[The end-of-round signal sounds.]

Saint Helena

Michael
    $7,000 27
(Michael: [*]. Oh, who is [*]?)
[Beep]
(Alex: In the nick of time.)

Angelou

Michael
    $800 26
Hong Kong

Michael
    $800 10
Coco

Erica
    $800 24
an inventor

Michael
    $800 2
John Lennon

Erica
    $1200 19
Corsica

Michael
    $1200 14
(Langston) Hughes

Michael
    $1200 16
Notting Hill

Michael
    $1200 8
SoHo

Michael
    $1200 23
(Edith) Wharton

Michael
    $1200 3
Brightside

Michael
    $1600 18
corporal

Triple Stumper
    $1600 12
James Baldwin

Julio
    $1600 15
the Korean War

Michael
    $1600 7
lobo

Michael
    $1600 21
tech support

Triple Stumper
    $1600 4
Natalie Merchant

Erica
    $7,000 20
Charlemagne

Michael
    $2000 13
Eric Jerome Dickey

Triple Stumper
    $2000 17
the Quakers

Michael
    $2000 9
coho

Michael
    $2000 22
lighthouse keeper

Julio
    $2000 5
(Alex: Drove me [*]. Not a good thing to do.)

redneck crazy

Triple Stumper

Scores at the end of the Double Jeopardy! Round:

Michael Erica Julio
$37,400 $4,200 $8,800
(lock game)

[wagering suggestions for these scores]

Final Jeopardy! Round responses

COMEDY INSPIRATIONS
(Alex: His most famous line, of course--"I get no respect. No respect." And this movie was about respect.)
EricaWhat is "No Respect'
$1,000
JulioWhat is the Godfather
$300
MichaelWhat is The Godfather?
$19,798
The Godfather

Final scores:

Michael Erica Julio
$57,198 $3,200 $9,100
3-day champion: $96,000 3rd place: $1,000 2nd place: $2,000

Game dynamics:

Coryat scores:

Michael Erica Julio
$25,600 $4,200 $8,800
26 R
(including 3 DDs),
1 W
9 R,
1 W
13 R,
1 W

Combined Coryat: $38,600

[game clues] [game scores] [suggest correction]

Game tape date: Unknown
The J! Archive is created by fans, for fans. Scraping, republication, monetization, and malicious use prohibited; this site may use cookies and collect identifying information. See terms. The Jeopardy! game show and all elements thereof, including but not limited to copyright and trademark thereto, are the property of Jeopardy Productions, Inc. and are protected under law. This website is not affiliated with, sponsored by, or operated by Jeopardy Productions, Inc. Join the discussion at JBoard.tv.